00332nam a2200133Ia 4500008004100000020001800041041000800059082001300067100001500080245005200095250001300147260002500160650001300185231120s2022 xx 000 0 und d a9781264285822 aeng a616bLOS aLoscalzo . aHarrisons Principles of Internal Medicine Vol.1 a21st ed. bHillMcGraw2022c2022 aMedicine